000 00717 a2200253 4500
001 9011
003 Complexo Educacional Contemporaneo
005 20230919130208.0
008 201029s2002 r por d
020 _a857374541x
040 _aComplexo Educacional Contemporaneo
_bpor
080 _a2
082 _a2
090 _a2 E45m
_bAP
100 _aEllen, Mary
240 1 0 _aMilagres Acontecem: histporias para tocar seu coração
_lPortuguês
260 _aSão Paulo
_bFama
_c2002
300 _a144p.
362 0 _a(2002)
650 4 _aRelatos religiosos
650 4 _aReligião
245 1 0 _aMilagres Acontecem: histporias para tocar seu coração
999 _c9011
_d9011